The politics of terrorism : (Record no. 14259)

000 -LEADER
fixed length control field 01135cam a2200313 a 4500
001 - CONTROL NUMBER
control field 14377260
005 - DATE AND TIME OF LATEST TRANSACTION
control field 20170105102851.0
008 - FIXED-LENGTH DATA ELEMENTS--GENERAL INFORMATION
fixed length control field 060515s2006 enkab 000 0 eng d
010 ## - LIBRARY OF CONGRESS CONTROL NUMBER
LC control number 2006276402
020 ## - INTERNATIONAL STANDARD BOOK NUMBER
International Standard Book Number 1857433475
035 ## - SYSTEM CONTROL NUMBER
System control number (OCoLC)ocm65611795
040 ## - CATALOGING SOURCE
Original cataloging agency HUA
Transcribing agency HUA
Modifying agency DLC
042 ## - AUTHENTICATION CODE
Authentication code lccopycat
050 00 - LIBRARY OF CONGRESS CALL NUMBER
Classification number HV6431
Item number .P643 2006
082 00 - DEWEY DECIMAL CLASSIFICATION NUMBER
Classification number 363.325
Edition number 22
245 04 - TITLE STATEMENT
Title The politics of terrorism :
Remainder of title a survey /
Statement of responsibility, etc. edited by Andrew T.H. Tan.
250 ## - EDITION STATEMENT
Edition statement 1st ed.
260 ## - PUBLICATION, DISTRIBUTION, ETC.
Place of publication, distribution, etc. London ;
-- New York :
Name of publisher, distributor, etc. Routledge
Date of publication, distribution, etc. 2006.
300 ## - PHYSICAL DESCRIPTION
Extent xiii, 268 p. :
Other physical details ill., maps ;
Dimensions 24 cm.
504 ## - BIBLIOGRAPHY, ETC. NOTE
Bibliography, etc. note Includes bibliographical references (p. 249-268)
650 #0 - SUBJECT ADDED ENTRY--TOPICAL TERM
Topical term or geographic name entry element Terrorism.
650 #0 - SUBJECT ADDED ENTRY--TOPICAL TERM
Topical term or geographic name entry element Terrorism
General subdivision Religious aspects.
700 1# - ADDED ENTRY--PERSONAL NAME
Personal name Tan, Andrew T. H.
Fuller form of name (Andrew Tian Huat)
856 41 - ELECTRONIC LOCATION AND ACCESS
Materials specified Table of contents only
Uniform Resource Identifier <a href="http://www.loc.gov/catdir/toc/fy0609/2006276402.html">http://www.loc.gov/catdir/toc/fy0609/2006276402.html</a>
856 42 - ELECTRONIC LOCATION AND ACCESS
Materials specified Publisher description
Uniform Resource Identifier <a href="http://www.loc.gov/catdir/enhancements/fy0703/2006276402-d.html">http://www.loc.gov/catdir/enhancements/fy0703/2006276402-d.html</a>
906 ## - LOCAL DATA ELEMENT F, LDF (RLIN)
a 7
b cbc
c copycat
d 2
e ncip
f 20
g y-gencatlg
942 ## - ADDED ENTRY ELEMENTS (KOHA)
Source of classification or shelving scheme
Koha item type Book
Holdings
Withdrawn status Lost status Damaged status Not for loan Collection code Permanent Location Current Location Shelving location Date acquired Total Checkouts Full call number Barcode Date last seen Price effective from Koha item type
          Centre for International Peace & Stability (CIPS) Centre for International Peace & Stability (CIPS) General Stacks 08/05/2013   363.325 POL 2006 CIPS0000430 08/21/2013 08/21/2013 Book
© 2023 Central Library, National University of Sciences and Technology. All Rights Reserved.